000 02428nam a2200277 a 4500
001 ASIN0300177984
005 20170105102926.0
008 131212s2011 xxu eng d
020 _a0300177984 (paperback)
_c$25.00
020 _a9780300177985 (paperback)
040 _a0
050 0 4 _aBP173.J8
082 0 4 _a305.892401767
_bGIL 2011
100 1 _aGilbert, Martin.
245 1 0 _aIn ishmael's house :
_ba history of jews in muslim lands /
_cMartin Gilbert.
260 _a[S.l.] :
_bYale University Press,
_c2011.
300 _a448 p. ;
_c23 cm.
520 _aThe relationship between Jews and Muslims has been a flashpoint that affects stability in the Middle East and has consequences around the globe. In this absorbing and eloquent book, Martin Gilbert challenges the standard media portrayal and presents a fascinating account of hope, opportunity, fear, and terror that have characterized these two people through the 1,400 years of their intertwined history. Harking back to the Biblical story of Ishmael and Isaac, Gilbert takes the reader from the origins of the fraught relationship - the refusal of Medina's Jews to accept Mohammed as a prophet - through the ages of the Crusader reconquest of the Holy Land and the great Muslim sultanates to the present day. He explores the impact of Zionism in the first half of the twentieth century, the clash of nationalisms during the Second World War, the mass expulsions and exodus of 800,000 Jews from Muslim lands following the birth of Israel, the Six-Day War and its aftermath, and the political sensitivities of the current Middle East. "In Ishmael's House" sheds light on a time of prosperity and opportunity for Jews in Muslim lands stretching from Morocco to Afghanistan, with many instances of Muslim openness, support, and courage. Drawing on Jewish, Christian, and Muslim sources, Gilbert uses archived material, poems, letters, memoirs, and personal testimony to uncover the human voice of this centuries-old conflict. Ultimately Gilbert's moving account of mutual tolerance between Muslims and Jews provides a perspective on current events and a template for the future.
650 0 _aIslam--Relations--Judaism
650 0 _aIslamic Empire
650 0 _aIslamic countries
650 0 _aJews
650 0 _aJudaism--Relations--Islam
856 4 0 _3Amazon.com
_uhttp://www.amazon.com/exec/obidos/ASIN/0300177984/chopaconline-20
942 _2ddc
_cBK
999 _c15850
_d15850